LEADER 01991oas 2200673 a 450 001 9910689396003321 005 20251106213014.0 011 $a1946-3669 035 $a(OCoLC)191956810 035 $a(CONSER) 2008230165 035 $a(CKB)991042729543942 035 $a(EXLCZ)99991042729543942 100 $a20080212b19652005 ua a 101 0 $aeng 135 $aur||||||||||| 181 $ctxt$2rdacontent 182 $cc$2rdamedia 183 $acr$2rdacarrier 200 00$aWater resources data$iConnecticut 210 $aEast Hartford, Conn. $cU.S. Dept. of the Interior, U.S. Geological Survey 215 $a3 volumes $cdigital, PDF files 225 1 $aWater-data report 311 08$a0276-1289 410 0$aU.S. Geological Survey water-data report. 606 $aStream measurements$zConnecticut$vPeriodicals 606 $aWater quality$zConnecticut$vPeriodicals 606 $aWater-supply$zConnecticut$vPeriodicals 606 $aStream measurements$2fast$3(OCoLC)fst01134581 606 $aWater quality$2fast$3(OCoLC)fst01171832 606 $aWater-supply$2fast$3(OCoLC)fst01172350 607 $aConnecticut$2fast$1https://id.oclc.org/worldcat/entity/E39PBJkD9jxrm8YFj6Gy74HQv3 608 $aPeriodicals.$2fast 615 0$aStream measurements 615 0$aWater quality 615 0$aWater-supply 615 7$aStream measurements. 615 7$aWater quality. 615 7$aWater-supply. 676 $a363 712 02$aGeological Survey (U.S.).$bWater Resources Division. 712 02$aUSGS Connecticut Water Science Center 801 0$bGPO 801 1$bGPO 801 2$bGPO 801 2$bDLC 801 2$bOCLCQ 801 2$bOCLCE 801 2$bGPO 801 2$bOCLCQ 801 2$bOCLCF 801 2$bOCLCQ 801 2$bOCLCA 801 2$bOCLCQ 801 2$bOCLCL 801 2$bOCLCQ 906 $aJOURNAL 912 $a9910689396003321 996 $aWater resources data$91982357 997 $aUNINA